000 00967nam a22003251 4500
001 01107648
003 DO-SdBNP
005 20240619131857.0
007 01107648
008 920725s2007 cl spa
017 _a
_b
020 _a9780847704545
035 _a
040 _aBPMSU
_bspa
_cBPMSU
082 4 _aPR863.5
_bV436u 2007
_222
100 1 _a Vélez Esteve, Elaine
245 1 3 _aUna estrella para mamá /
_cElaine Vélez Esteve; ilustración Marjorie Ann Vélez
_b
_h
260 _aColombia :
_bUniversidad de Puerto Rico,
_c2007
300 _a25, 25 p. :
_bil,. ;
_c21 cm
490 0 _aSerie Dos Lenguas
500 _a
590 _aInventariado, 2024/VM
650 4 _aCuentos infantiles puertorriqueños
_v
_2
650 4 _aLibros ilustrados infantiles
700 1 _aAnn Vélez, Marjorie
_eilustración
710 2 _aUniversidad de Puerto Rico
900 _6
910 _aVMateo V. Control de calidad. BPMSU
942 _2ddc
_cBK
999 _c14681
_d14681